000 00813cam a2200229 a 4500
001 12900308
005 20180302052424.0
008 020820s2003 nyua b 001 0 eng
010 _a 2002030564
020 _a0387954104 (alk. paper)
040 _aDLC
_cDLC
_dDLC
041 _aeng
080 _a519.4 HOH
082 0 0 _a519.4 HOH
_221
100 1 _a25
101 _aEDU
245 1 0 _aNumerical analysis in modern scientific computing :
_cPeter Deuflhard, Andreas Hohmann.
504 _aIncludes bibliographical references (p. [325]-330) and index.
906 _a7
_bcbc
_corignew
_d1
_eocip
_f20
_gy-gencatlg
942 _2ddc
_cBK
999 _c44001
_d44001